|
|
|
|
| LEADER |
02163nam a22004093i 4500 |
| 001 |
EBC6637648 |
| 003 |
MiAaPQ |
| 005 |
20231204023217.0 |
| 006 |
m o d | |
| 007 |
cr cnu|||||||| |
| 008 |
231204s2019 xx o ||||0 eng d |
| 020 |
|
|
|a 9789048536757
|q (electronic bk.)
|
| 035 |
|
|
|a (MiAaPQ)EBC6637648
|
| 035 |
|
|
|a (Au-PeEL)EBL6637648
|
| 035 |
|
|
|a (OCoLC)1101122220
|
| 040 |
|
|
|a MiAaPQ
|b eng
|e rda
|e pn
|c MiAaPQ
|d MiAaPQ
|
| 082 |
0 |
|
|a 954.4
|
| 100 |
1 |
|
|a Moran, Arik.
|
| 245 |
1 |
0 |
|a Kingship and Polity on the Himalayan Borderland :
|b Rajput Identity During the Early Colonial Encounter.
|
| 250 |
|
|
|a 1st ed.
|
| 264 |
|
1 |
|a Amsterdam :
|b Amsterdam University Press,
|c 2019.
|
| 264 |
|
4 |
|c Ã2019.
|
| 300 |
|
|
|a 1 online resource (248 pages)
|
| 336 |
|
|
|a text
|b txt
|2 rdacontent
|
| 337 |
|
|
|a computer
|b c
|2 rdamedia
|
| 338 |
|
|
|a online resource
|b cr
|2 rdacarrier
|
| 490 |
1 |
|
|a Asian Borderlands Ser. ;
|v v.8
|
| 505 |
0 |
|
|a Intro -- Table of Contents -- List of Images, Maps and Charts -- Acknowledgements -- A Note on Translation and Transliteration -- Introduction -- 1. Memories of a Feud: Chinjhiar, 1795 -- 2. Alterity and Myth in Himalayan Historiography: Kangra, Sirmaur, and Gorkha Rule in the West -- 3. Sati and Sovereignty in Theory and Practise -- 4. Statecraft at the Edge of Empire: Bilaspur, 1795-1835 -- 5. Widowed Ranis, Scheming Rajas, and the Making of 'Rajput Tradition' -- Epilogue -- Appendix: The Jhera of Chinjhiar -- Bibliography -- Index.
|
| 588 |
|
|
|a Description based on publisher supplied metadata and other sources.
|
| 590 |
|
|
|a Electronic reproduction. Ann Arbor, Michigan : ProQuest Ebook Central, 2023. Available via World Wide Web. Access may be limited to ProQuest Ebook Central affiliated libraries.
|
| 655 |
|
4 |
|a Electronic books.
|
| 700 |
1 |
|
|a Schendel, Willem.
|
| 700 |
1 |
|
|a Harris, Tina.
|
| 776 |
0 |
8 |
|i Print version:
|a Moran, Arik
|t Kingship and Polity on the Himalayan Borderland
|d Amsterdam : Amsterdam University Press,c2019
|
| 797 |
2 |
|
|a ProQuest (Firm)
|
| 830 |
|
0 |
|a Asian Borderlands Ser.
|
| 856 |
4 |
0 |
|u https://ebookcentral.proquest.com/lib/matrademy/detail.action?docID=6637648
|z Click to View
|